[Event "Porto San Giorgio op 23rd"]
[Site "Porto San Giorgio"]
[Date "2011.08.25"]
[Round "6"]
[White "Maddaloni, Giovanni"]
[Black "Martorelli, Angelo"]
[Result "1/2-1/2"]
[WhiteElo "1801"]
[BlackElo "1812"]
[PlyCount "89"]
[EventDate "2011.08.21"]
[EventType "swiss"]
[EventRounds "9"]
[EventCountry "ITA"]
[SourceTitle "CBM 144 Extra"]
[Source "ChessBase"]
[SourceDate "2011.10.28"]
[SourceVersion "1"]
[SourceVersionDate "2011.10.28"]
[SourceQuality "1"]

1. e4 e6 2. d4 d5 3. Nc3 dxe4 4. Nxe4 Nc6 5. Nf3 h6 6. Be2 Nge7 7. 0-0 b6 8. c4 Bb7 9. Nc3 Nf5 10. d5 exd5 11. cxd5 Nb4 12. Re1 Be7 13. Bc4 0-0 14. Bf4 Bd6 15. Bxd6 Nxd6 16. Bb3 Na6 17. a3 Qf6 18. Qd4 Qxd4 19. Nxd4 Nc5 20. Bc2 Rfe8 21. b4 Nd7 22. Ba4 Rxe1+ 23. Rxe1 Nf6 24. Bc6 Rd8 25. Bxb7 Nxb7 26. Nc6 Rd6 27. b5 Nxd5 28. Nxd5 Na5 29. Ndb4 Nc4 30. a4 Nb2 31. g3 Nxa4 32. Ra1 Nc3 33. Nxa7 Rd2 34. Ra3 Ne4 35. Nd3 Ng5 36. Nc6 Nf3+ 37. Kg2 Rxd3 38. Ra7 Nd4 39. Rxc7 Nxb5 40. Rc8+ Kh7 41. Rb8 Rd6 42. Ne5 f6 43. Nc4 Rd4 44. Rxb6 Rxc4 45. Rxb5 1/2-1/2

[Event "Porto San Giorgio op 23rd"]
[Site "Porto San Giorgio"]
[Date "2011.08.24"]
[Round "5"]
[White "Martorelli, Angelo"]
[Black "Di Mantino, Mauro"]
[Result "0-1"]
[WhiteElo "1812"]
[BlackElo "1954"]
[PlyCount "52"]
[EventDate "2011.08.21"]
[EventType "swiss"]
[EventRounds "9"]
[EventCountry "ITA"]
[SourceTitle "CBM 144 Extra"]
[Source "ChessBase"]
[SourceDate "2011.10.28"]
[SourceVersion "1"]
[SourceVersionDate "2011.10.28"]
[SourceQuality "1"]

1. d3 d5 2. Nf3 Nc6 3. g3 e5 4. Bg2 f5 5. e4 dxe4 6. dxe4 Qxd1+ 7. Kxd1 fxe4 8. Ng5 Bg4+ 9. Kd2 0-0-0+ 10. Kc3 h6 11. Nxe4 Bb4+ 12. Kb3 Be6+ 13. c4 b5 14. Nbd2 Nge7 15. a3 bxc4+ 16. Nxc4 Bc5 17. Be3 Bxe3 18. fxe3 Na5+ 19. Kb4 Nxc4 20. Nc3 Nxe3 21. Be4 Rd4+ 22. Ka5 Nc4+ 23. Ka6 Kb8 24. Rhd1 c6 25. Bxc6 Nxc6 26. Nb5 Bc8# 0-1